1707 1467 1901 1636 1510 1007 1578 1038 1314 1936 1873 1747 1989 1572 1348 1166 1709 1841 1319 1871 1522 1185 1763 1876 1071 1204 1412 1086 1821 1673 1599 1223 1473 1918 1541 1622 1667 1162 1029 1506 1850 1045 1662 1663 1791 1650 1174 1698 1938 1440 1403 1542 1868 1499 1743 1999 1717 1854 1175 1860 1852 1355 1384 1674 1668 1800 1175 1140 1046 1941 1645 1382 1984 1739 1753 1124 1108 1631 1533 1814 1419 1271 1957 1637 1050 1793 1517 1055 1412 1659 1392 1770 1264 1994 1705 1998 1421 1718 1680 BCNSPRNW ULIB Ver.6.0+V

เปลี่ยนเป็นภาษาไทย

Change to English
 แสดงรายละเอียดบรรณานุกรม
  กลับหน้าหลัก

Brief Record : Get Marc (ISO 2709) : E-mail record : QR code < ปิดหน้าต่าง
LEADER : 00000nam 2200000uu 4500
001    13399120544
003     ULIB
008    120924s2550||||th 000 0 tha d
020    ^a9789741107292
060 04 ^aWB890^bส265อ 2550
100 0  ^aสมพร กันทรดุษฎี-เตรียมชัยศรี
245 10 ^aอภิธานศัพท์ :^bในการดูแลผสมผสานและการดูแลสุขภาพทางเลือกทางการพยาบาลและการพยาบาลสาธารณสุข = Glossary of complementary and alternative health care and terms in nursing and public health nursing /^cสมพร กันทรดุษฎี-เตรียมชัยศรี
246 31 ^aGlossary of complementary and alternative health care andterms in nursing and public health nursing
250    ^aพิมพ์ครั้งที่ 1
260    ^aกรุงเทพฯ :^bภาควิชาการพยาบาลสาธารณสุข คณะสาธารณสุขศาสตร์มหาวิทยาลัยมหิดล,^c2550
300    ^a154 หน้า ;^c21 ซม.
650  7 ^aการพยาบาลสาธารณสุข^vอภิธานศัพท์
650  7 ^aการแพทย์ทางเลือก^vอภิธานศัพท์
650  7 ^aสุขภาพ^vอภิธานศัพท์
710 2  ^aมหาวิทยาลัยมหิดล. ^bคณะสาธารณสุขศาสตร์.^bภาควิชาการพยาบาลสาธารณสุข
945    ^p160^l0^i14296
945    ^p160^l0^i14788
995    ^aกัณชพร
999 ^a ใช้งานได้ทุกระบบ
รายการนี้ยังไม่มีแท็ก
คุณยังไม่ได้ล็อกอิน คุณสามารถมีกิจกรรมร่วมกับเว็บไซต์ได้ แต่ต้องล็อกอินก่อน ::
  ล็อกอิน

รายการสื่อสารสนเทศ

ลำดับที่ ประเภท เลขเรียก/บาร์โค้ด สถานที่ สถานะ
1. วิทยาศาสตร์การแพทย์ และสุขภาพ
วิทยาศาสตร์การแพทย์ และสุขภาพ
WB890 ส265อ 2550  
  Barcode: 14296
ห้องสมุดวิทยาเขตสวรรค์ประชารักษ์
►ส่วนจัดเก็บหนังสือเก่า สปร
บนชั้น
  ขอยืม
2. วิทยาศาสตร์การแพทย์ และสุขภาพ
วิทยาศาสตร์การแพทย์ และสุขภาพ
WB890 ส265อ 2550 ฉ.2 
  Barcode: 14788
ห้องสมุดวิทยาเขตสวรรค์ประชารักษ์
►ส่วนจัดเก็บหนังสือเก่า สปร
บนชั้น
  ขอยืม

รายการใกล้เคียง
    ผู้แต่ง [สมพร กันทรดุษฎี-เตรียมชัยศรี]

BibComment


ยังไม่เคยถูกคอมเมนท์

คอมเมนท์ทรัพยากรรายการนี้
  คอมเมนท์: อภิธานศัพท์ ในก..


 Copyright 2026. Bcnsprnw @Library